<?xml version="1.0" encoding="UTF-8"?>
<collection xmlns="http://www.loc.gov/MARC21/slim">
 <record>
  <leader>00825nam a22001811  4500</leader>
  <controlfield tag="001">1/13011</controlfield>
  <controlfield tag="008">980605s1986    gr             000 0gre d</controlfield>
  <datafield tag="035" ind1=" " ind2=" ">
   <subfield code="l">13460</subfield>
  </datafield>
  <datafield tag="040" ind1=" " ind2=" ">
   <subfield code="a">GR-PeUP</subfield>
  </datafield>
  <datafield tag="082" ind1="0" ind2="0">
   <subfield code="a">335.82 FO ΜΤΦ</subfield>
  </datafield>
  <datafield tag="100" ind1="1" ind2=" ">
   <subfield code="a">Foner, Philip S.</subfield>
  </datafield>
  <datafield tag="245" ind1="1" ind2="0">
   <subfield code="a">Εργατική Πρωτομαγιά 1886-1986: May day.A short history of the International Workers Holiday 1886-1986/</subfield>
   <subfield code="c">Φίλιπ Σ. Φόνερ; μετ.Κ. Δόλκας.</subfield>
  </datafield>
  <datafield tag="260" ind1=" " ind2=" ">
   <subfield code="a">Αθήνα:</subfield>
   <subfield code="b">Σύνχρονη εποχή,</subfield>
   <subfield code="c">1986.</subfield>
  </datafield>
  <datafield tag="300" ind1=" " ind2=" ">
   <subfield code="a">224σ.:</subfield>
   <subfield code="b">εικ.;</subfield>
   <subfield code="c">24εκ.</subfield>
  </datafield>
  <datafield tag="500" ind1=" " ind2=" ">
   <subfield code="a">May day.A short history of the International Workers Holiday; παρ.τιτ.</subfield>
  </datafield>
  <datafield tag="650" ind1=" " ind2="4">
   <subfield code="a">Εργατικό κίνημα.</subfield>
  </datafield>
  <datafield tag="700" ind1="1" ind2=" ">
   <subfield code="a">Δόλκας, Κωνσταντίνος.</subfield>
  </datafield>
  <datafield tag="852" ind1=" " ind2=" ">
   <subfield code="a">INST</subfield>
   <subfield code="b">UNIPILB</subfield>
   <subfield code="c">MAIN</subfield>
   <subfield code="e">20040709</subfield>
   <subfield code="h">335.82 FO ΜΤΦ</subfield>
   <subfield code="p">00122052</subfield>
   <subfield code="q">00122052</subfield>
   <subfield code="t">LOAN</subfield>
   <subfield code="y">0</subfield>
   <subfield code="4">1</subfield>
  </datafield>
 </record>
</collection>
